| 000 | 00863nam a2200205 u 4500 | ||
|---|---|---|---|
| 001 | 000307551 | ||
| 003 | AM-YeHGA | ||
| 005 | 20250618071953.0 | ||
| 008 | 040211s1985 ai r 000 0 arm d | ||
| 040 | _aAM-YeHGA | ||
| 041 | 0 | _aarm | |
| 100 | 1 |
_aՀրաչյան, Խաչիկ Թադևոսի, _d1912-1989 _91925 |
|
| 245 | 1 | 0 |
_aԲոլոր գույները : _b[Բանաստեղծություններ] / _cԽ.Թ. Հրաչյան; Խմբ.՝ Մ.Գ. Բերբերյան; Նկ.՝ Ս.Գ. Սաֆյան. |
| 260 |
_aԵրևան : _bՍովետական գրող, _c1985. |
||
| 300 |
_a64 էջ : _bնկ. ; _c23 սմ. |
||
| 650 | 1 | 4 |
_aՀայ մանկական գրականություն _xԲանաստեղծություն |
| 700 | 1 |
_aԲերբերյան, Մ.Գ. _eխմբ. _4edt |
|
| 700 | 1 |
_aՍաֆյան, Սպարտակ Գևորգի, _d1929-2001 _eնկ. _4art _94028 |
|
| 090 | _c114807 | ||
| 999 |
_c113468 _d113468 |
||